00865nam a2200229 i 450000100060000000300090000600500170001500800410003201500170007302000150009004000290010508000120013410001340014624500850028026000550036550400260042065000140044665100480046085600980050894200120060699900170061810243KOSZ 00520180418121531.0180418s1999 pl a |000 0 pol  aPB 2006/3020 a8391194914 aKOSZ 005/HRcKOSZ 005/HR a94(438)1 aPOLAK, Bogusław.bPolitechnika Koszalińska - Wydział Ekonomii i Zarządzania,cKatedra Integracji Europejskiejd1999 -2006. 00aBiałogard 1299-1999 :bstudia z dziejów miasta /cpod red. Bogusława Polaka. aKoszalin : Białogard :bMuzeum Okręgowe,c1999. aBibliogr. s. 317-330. 0aHistoria. 0aBiałogard (woj. zachodniopomorskie)934978 uhttp://koha.tu.koszalin.pl/cgi-bin/koha/opac-detail.pl?biblionumber=40711yKatalog online BPK 2UKDcKS c10243d10243